000 00931nam a2200253 a 4500
001 000013659
005 20200929163313.0
008 091127s2006 dr c 000 0 spa d
020 _a9993497339
040 _aDO-SdBNP
_bspa
_cBNPHU
082 _a362.61
_bC385h
100 1 _aCayetano Subervi, Oneyda
_931085
245 1 0 _aHogar triste hogar /
_cOneyda Cayetano Subervi.
260 _aSanto Domingo :
_b¨Fundación Oneyda Cayetano¨ A Beneficio de Envejecientes en Asilos de Hogar de Leprosos (FOCBEAHOL),
_c2006.
300 _a140 p. :
_bil. ;
_c22 cm.
500 _aIncluye datos biográficos de la autora en la contracubierta del documento
650 4 _aAsilos de ancianos
_931086
650 4 _aAsistencia a la vejez
_931087
650 4 _aAncianos
_xRelaciones familiares
_931088
650 4 _aAncianos
_xCondiciones sociales
_931089
650 4 _aLepra
_931090
650 4 _aAncianos
_xEnfermedades
_931091
049 _aBNPD
999 _c13273
_d13273